000 00262nam a22000977a 4500
008 150825b xxu||||| |||| 00| 0 eng d
082 _a330 FRI
100 _aFRISS I.
245 _aECONOMIC LAWS, POLICY,PLANNING
260 _aCAMBRIDGE
_bAKADEMIAI KIADO BUDAPEST
_c1971
999 _c898
_d898